书目信息 |
| 题名: |
南昌起义研究
|
|
| 作者: | 张侠 著 | |
| 分册: | ||
| 出版信息: | 上海 上海人民出版社 1982 |
|
| 页数: | 607页 | |
| 开本: | 21cm | |
| 丛书名: | ||
| 单 册: | ||
| 中图分类: | K263.107 | |
| 科图分类: | ||
| 主题词: | 南昌起义(1927)--研究 | |
| 电子资源: | ||
| ISBN: | ||
| 000 | 00622nam0 2200241 45 | |
| 001 | 0182000602 | |
| 005 | 20061116165629.54 | |
| 010 | @dCNY2.00 | |
| 091 | @aCN@b3074.600 | |
| 100 | @a19950526d1982 em y0chiy0121 ea | |
| 101 | 0 | @achi |
| 102 | @aCN@b310000 | |
| 105 | @af z 000yy | |
| 200 | 10 | @a南昌起义研究@Anan chang qi yi yan jiu@f张侠著 |
| 210 | @a上海@c上海人民出版社@d1982 | |
| 215 | @a607页@c照片@d21cm | |
| 300 | @a内部发行 | |
| 606 | @a南昌起义(1927)@x研究 | |
| 690 | @aK263.107@v3 | |
| 701 | 0 | @a张侠@Azhang xia@4著 |
| 801 | 2 | @aCN@bNLC@c20061116 |
| 801 | 0 | @aCN@bTSSF |
| 905 | @a10447@dK263.107@e11 | |
| 南昌起义研究/张侠著.-上海:上海人民出版社,1982 |
| 607页:照片;21cm |
| 内部发行 |
| ISBN :CNY2.00 |
| ● |
| 相关链接 |
|
|
|
|
正题名:南昌起义研究
索取号:K263.107/11
 
预约/预借
| 序号 | 登录号 | 条形码 | 馆藏地/架位号 | 状态 | 备注 |
| 1 | 0178101 | 000352754 | 第二样本阅览室/ [索取号:K263.107/11] | 在馆 |